| 000 | 00651nam a2200181 i 4500 | ||
|---|---|---|---|
| 001 | 39428 | ||
| 003 | ES-MaACL | ||
| 005 | 20250901213713.0 | ||
| 007 | t| | ||
| 008 | 030303s1958 sp ||||1| spa d | ||
| 110 | 2 |
_aCámara Oficial de Comercio, Industria y Navegación de Sevilla _92400 |
|
| 245 | 1 | 0 |
_aMemoria de trabajos 1957 / _cCámara Oficial de Comercio, Industria y Navegación de Sevilla. |
| 260 |
_a[Sevilla : _bs.n., _c1958] ( _fTip. Jerez Gráfico) |
||
| 300 |
_a84 p. ; _c25 cm. |
||
| 610 | 2 | 4 |
_aCámara Oficial de Comercio, Industria y Navegación de Sevilla- _vMemorias. _9151808 |
| 852 |
_aES-MaACL _jE-4760 |
||
| 999 |
_c39428 _d39428 |
||